| 000 | 00639nam a22001937a 4500 | ||
|---|---|---|---|
| 003 | 0 | ||
| 005 | 20250129100834.0 | ||
| 008 | 150827b xxu||||| |||| 00| 0 eng d | ||
| 050 |
_aPGS HQ 784.S7 _b.Ay973 2015 |
||
| 100 | _aAyaka, Iwai. | ||
| 245 |
_aPet ownership and social skills / _cIwai Ayaka. |
||
| 260 |
_aLas PiƱas City, Philippines : _bSouthville International School and Colleges, _c2015. |
||
| 300 |
_a29 p. : _bill. ; _c28 cm. _fPASS |
||
| 504 | _aIncludes bibliographical references. | ||
| 650 | _aPet ownership and children. | ||
| 650 | _aSocial skills in children. | ||
| 650 | _aChild development. | ||
| 942 |
_2lcc _cPASS |
||
| 999 |
_c288524 _d288524 |
||